| 000 | 00692cam a2200229 a 4500 | ||
|---|---|---|---|
| 001 | 000009650 | ||
| 005 | 20200929161645.0 | ||
| 008 | 800728s1969 ve 001 d spa | ||
| 040 |
_aDO-SdBNP _bspa _cDLC _dBNPHU |
||
| 082 |
_aVe862.44 _bS232n |
||
| 100 | 1 |
_aSantana, Rodolfo, _d1944- _924529 |
|
| 245 | 1 | 0 |
_aNuestro padre, Drácula : _bteatro / _cRodolfo Santana. |
| 260 |
_aCaracas, (Venezuela) : _bMonte Ávila, _c1969. |
||
| 300 |
_a259 p. ; _c18 cm. |
||
| 490 | 1 | _aContinente | |
| 650 | 4 |
_aTeatro venezolano _923074 |
|
| 650 | 4 |
_aLiteratura venezolana _93816 |
|
| 650 | 4 |
_aMiedo _xTeatro _924530 |
|
| 830 | 0 |
_aContinente. _95070 |
|
| 910 | _aCatalogación por copia / LC | ||
| 049 | _aBNGR | ||
| 999 |
_c9410 _d9410 |
||